000
00257nam a2200109Ia 4500
999
_c
9252
_d
9252
020
_a
978-1285065137
100
_a
Brigham , Houston
245
0
_a
Fundamentals Of Financial Management
260
_a
New Delhi
_b
Bantam Books
_c
1998
300
_a
635
942
_c
BK